Oscar Winning Actresses - Sudden Death - Statistics

General Stats
  • This quiz has been taken 1,258 times
  • The average score is 11 of 24
Answers on the Grid
Answers color-coded by a green-red scale on the quiz's grid according to % correct below.
Amy Adams
Ana de Armas
Angela Lansbury
Angelina Jolie
Anne Hathaway
Audrey Hepburn
Cate Blanchett
Cher
Deborah Kerr
Elizabeth Taylor
Frances McDormand
Glenn Close
Grace Kelly
Halle Berry
Helen Mirren
Helena Bonham Carter
Imelda Staunton
Ingrid Bergman
Jamie Lee Curtis
Jennifer Lawrence
Jessica Tandy
Jodie Foster
Judi Dench
Kate Winslet
Katharine Hepburn
Keira Knightley
Kim Basinger
Maggie Gyllenhaal
Maggie Smith
Margot Robbie
Meryl Streep
Michelle Pfeiffer
Penélope Cruz
Salma Hayek
Scarlett Johansson
Sharon Stone
Sigourney Weaver
Sissy Spacek
Uma Thurman
Whoopi Goldberg
 
Answer Stats
Answer % Correct
The Aviator (2005)
Blue Jasmine (2014)
Cate Blanchett
69%
Fargo (1997)
Three Billboards Outside Ebbing, Missouri (2018)
Nomadland (2021)
Frances McDormand
60%
Les Misérables (2013) Anne Hathaway
59%
Roman Holiday (1954) Audrey Hepburn
58%
Kramer vs. Kramer (1980)
Sophie's Choice (1983)
The Iron Lady (2012)
Meryl Streep
58%
Moonstruck (1988) Cher
57%
Monster's Ball (2002) Halle Berry
56%
The Accused (1989)
The Silence of the Lambs (1992)
Jodie Foster
56%
Girl, Interrupted (2000) Angelina Jolie
55%
BUtterfield 8 (1961)
Who's Afraid of Virginia Woolf? (1967)
Elizabeth Taylor
55%
The Reader (2009) Kate Winslet
55%
Silver Linings Playbook (2013) Jennifer Lawrence
54%
The Queen (2007) Helen Mirren
50%
Morning Glory (1934)
Guess Who's Coming to Dinner (1968)
The Lion in Winter (1969)
On Golden Pond (1982)
Katharine Hepburn
49%
Everything Everywhere All at Once (2023) Jamie Lee Curtis
44%
Shakespeare in Love (1999) Judi Dench
41%
Gaslight (1945)
Anastasia (1957)
Murder on the Orient Express (1975)
Ingrid Bergman
40%
The Country Girl (1955) Grace Kelly
37%
The Prime of Miss Jean Brodie (1970)
California Suite (1979)
Maggie Smith
35%
Ghost (1991) Whoopi Goldberg
34%
Driving Miss Daisy (1990) Jessica Tandy
32%
Coal Miner's Daughter (1981) Sissy Spacek
31%
Vicky Cristina Barcelona (2009) Penélope Cruz
28%
L.A. Confidential (1998) Kim Basinger
27%
No matching quizzes found
Score Distribution
Percent of People with Each Score
Percentile by Number Answered
Your Score History
You have not taken this quiz